000 00463nam a2200181Ia 4500
001 21334
005 20260306172911.0
008 260306t1997||||xx |||||||||||||| ||spa||
041 _aESP
082 _a344.528
_bB81
100 _aBramont-Arias Torres, Luis Alberto
_eAUT
245 0 _aEl delito informático en el código penal peruano
260 _c1997
300 _a84 páginas :
_c18 cm.
650 _aGEN
654 _aCDE
942 _cLIB
_dJUS
_fJUS
_2ddc
_n
999 _c21334
_d21334